OFT guidance for estate agents (Record no. 112757)
[ view plain ]
| 000 -LEADER | |
|---|---|
| fixed length control field | 01294cad a22002295a 4500 |
| 001 - CONTROL NUMBER | |
| control field | L153903 |
| 008 - FIXED-LENGTH DATA ELEMENTS--GENERAL INFORMATION | |
| fixed length control field | 110919s2011 xxk f 000 0 eng d |
| 035 ## - SYSTEM CONTROL NUMBER | |
| System control number | (Sirsi) u153903 |
| 041 0# - LANGUAGE CODE | |
| Language code of text/sound track or separate title | eng |
| 110 2# - MAIN ENTRY--CORPORATE NAME | |
| Corporate name or jurisdiction name as entry element | Office of Fair Trading |
| 9 (RLIN) | 1355 |
| 245 00 - TITLE STATEMENT | |
| Title | OFT guidance for estate agents |
| Remainder of title | compliance with the Consumer Protection from Unfair Trading Regulations 2008 and the Business Protection from Misleading Marketing Regulations 2008 consultation |
| Medium | [electronic resource] |
| 260 ## - PUBLICATION, DISTRIBUTION, ETC. | |
| Place of publication, distribution, etc. | London |
| Name of publisher, distributor, etc. | OFT |
| Date of publication, distribution, etc. | 2011 |
| 520 ## - SUMMARY, ETC. | |
| Summary, etc. | Consultation on OFT's draft guidance on the application of the Consumer Protection from Unfair Trading Regulations 2008 and Business Protection from Misleading Marketing Regulations 2008 to estate agents (and others) in relation to the buying or selling of property or land in the UK. |
| 520 ## - SUMMARY, ETC. | |
| Summary, etc. | Consultation closes 9 December 2011. |
| 590 ## - LOCAL NOTE (RLIN) | |
| Local note | KA NTK |
| 650 24 - SUBJECT ADDED ENTRY--TOPICAL TERM | |
| Topical term or geographic name entry element | CONSUMER PROTECTION FROM UNFAIR TRADING REGULATION 2008 |
| 650 24 - SUBJECT ADDED ENTRY--TOPICAL TERM | |
| Topical term or geographic name entry element | BUSINESS PROTECTION FROM MISLEADING MARKETING REGULATIONS 2008 |
| 651 #4 - SUBJECT ADDED ENTRY--GEOGRAPHIC NAME | |
| Geographic name | United Kingdom |
| Chronological subdivision | |
| 690 ## - LOCAL SUBJECT ADDED ENTRY--TOPICAL TERM (OCLC, RLIN) | |
| Topical term or geographic name as entry element | PROPERTY-RESIDENTIAL PROPERTY-ACQUISITION AND DISPOSAL OF RESIDENTIAL PROPERTY |
| 856 40 - ELECTRONIC LOCATION AND ACCESS | |
| Uniform Resource Identifier | <a href="https://www.oft.gov.uk/shared_oft/consultations/oft1364con.pdf">https://www.oft.gov.uk/shared_oft/consultations/oft1364con.pdf</a> |
| Public note | View the item free of charge at www.oft.gov.uk |
| 942 ## - ADDED ENTRY ELEMENTS (KOHA) | |
| Suppress in OPAC | 0 |
| Withdrawn status | Lost status | Source of classification or shelving scheme | Damaged status | Not for loan | Home library | Current library | Shelving location | Date acquired | Total Checkouts | Full call number | Barcode | Date last seen | Copy number | Price effective from | Koha item type |
|---|---|---|---|---|---|---|---|---|---|---|---|---|---|---|---|
| Dewey Decimal Classification | Virtual | Virtual | Online | 19/09/2011 | ONLINE PUBLICATION | 153903-2001 | 06/08/2019 | 1 | 06/08/2019 | Book |